00799cam a2200253 a 450000100090000000300040000900500170001300800410003001000170007102000150008804000180010305000210012108200280014210000230017024500650019325000120025826000380027030000420030844000430035050400530039365000260044665100430047270000300051512728131OSt20191220160059.0020402s2003 mauab 000 0 eng  a 2002066495 a817808791X aDLCcDLCdDLC00aHD82b.T552 200300a338.90091724221bTOD/E a Todaro, Michael P10aEconomic development /cMichael P. Todaro, Stephen C. Smith. a8th ed. aBoston :bAddison Wesley,cc2003. axxvii, 863 p. :bill., maps ;c24 cm. 4aThe Addison-Wesley series in economics aIncludes bibliographical references and indexes. 0aEconomic development. 0aDeveloping countriesxEconomic policy.1 aSmith, Stephen C.,d1955-